000 00871cab a2200253 4500
001 ABS51702
008 090401t1994 xxu||||| |||| 00| 0 eng d
035 _a(Sirsi) u40657
041 _aeng
100 _aSands, D.
245 _aHome from home: relocating
260 _c1994
350 _a0
490 _aEstates Gazette
_v(9446) 19 November 1994 52-53(2)
520 _aDiscusses a survey of 480 office occupiers carried out by Harris Research Centre for Richard Ellis and assesses whether the property on the market is meeting the requirements of occupiers. Highlights the influences on decision making for firms when relocating.
650 _aHARRIS RESEARCH CENTRE
650 _aOCCUPIERS REQUIREMENTS
650 _aOFFICES
650 _aRELOCATION
650 _aCBRE
690 _aPROPERTY-COMMERCIAL PROPERTY
942 _n0
948 _c04/03/1997
999 _c26055
_d26055